000 00843nam a2200265 i 4500
001 11410
003 ES-MaACL
005 20230906150108.0
007 t|
008 921019s1992 sp a |||| | spa j
020 _a84-7100-443-7 (rúst.)
080 _a972.93"18"
100 1 _aBalcácer, Juan Daniel.
_924857
245 1 3 _aLa independencia dominicana /
_cJuan D. Balcácer, Manuel A. García.
260 _aMadrid :
_bMAPFRE,
_c[1992]
300 _a243 p. :
_bil. ;
_c23 cm.
490 1 _aIndependencia de Iberoamérica ;
_v7
500 _aÍndices.
504 _aBibliografía: p. [231]-235.
651 4 _aRepública Dominicana-
_xHistoria-
_y1822-1844.
_9168947
700 1 _aGarcía Arévalo, Manuel.
_954183
830 0 _aIndependencia de Iberoamérica ;
_v7
_9179056
852 _aES-MaACL
_jL-18735
999 _c11410
_d11410